El fenómeno de la innovación financiera: la experiencia española
Guardat en:
| Autor principal: | |
|---|---|
| Format: | Llibre |
| Idioma: | espanyol |
| Publicat: |
Barcelona
Ariel
1996
|
| Edició: | 1a. ed |
| Col·lecció: | Ariel Economía
|
| Matèries: | |
| Etiquetes: |
Afegir etiqueta
Sense etiquetes, Sigues el primer a etiquetar aquest registre!
|
MARC
| LEADER | 00000nam a2200000 a 4500 | ||
|---|---|---|---|
| 001 | UCL9418 | ||
| 003 | CL-VaPUC | ||
| 008 | 040806e19960000SP |||||||||||||||||spa|d | ||
| 020 | |a 843442116X | ||
| 082 | 0 | 4 | |a 332.0946 |b OLI |2 21 |
| 100 | |a Oliver Alfonso, María Dolores |e autora |9 487246 | ||
| 245 | 1 | 3 | |a El fenómeno de la innovación financiera: la experiencia española |
| 250 | |a 1a. ed | ||
| 300 | |a 262 p | ||
| 942 | |c BK | ||
| 945 | |d 20040806 00:00:00 |a cmena | ||
| 260 | |a Barcelona |b Ariel |c 1996 | ||
| 650 | 0 | |a Administración financiera |9 261146 | |
| 650 | 0 | |a Estado y economía |9 383167 | |
| 650 | 0 | |a Políticas económicas |9 353940 | |
| 650 | 0 | |a Sistema financiero |9 337931 | |
| 651 | 0 | |a España |9 254926 | |
| 583 | |a last modification |c 20040806 00:00:00 |k Rodrigo Vera | ||
| 490 | 0 | |a Ariel Economía | |
| 999 | |c 310212 |d 310210 | ||
| 952 | |0 0 |1 0 |4 0 |6 332_094600000000000_OLI_1996 |7 0 |8 A |9 378470 |a BIBDER |b BIBDER |d 2019-11-21 |i 4046447 |o 332.0946 OLI 1996 |p 4046447 |r 2023-01-25 |w 2019-11-21 |y BK |k DER | ||